STN EN 28627: 1999, [neplatná] (84 0008) Stomatológia. Tvrdosť trecej plochy zubných kefiek

Bibliographic Details
Format: Book
Language:Undetermined
Published: Bratislava Slovenský ústav technickej normalizácie 1999
Subjects:

MARC

LEADER 00000cam a2200000 a 4500
001 vtls001411018
003 SK-MaSNL
005 20260302035052.0
008 180126s1999 xo ka 0 und
035 |a SNK000365718 
040 |a SNK  |b slo  |c SNK  |e AACR2 
044 |a xo  |c SK 
046 |a m  |m 199910 (účin. )  |n 200601 
072 7 |a 616.31  |x Stomatológia  |2 konspekt 
080 |a 616.31  |2 2011 
130 0 |a STN 84 0008 [neplatná] (STN EN 28627)  |9 687447 
245 1 |a STN EN 28627: 1999, [neplatná] (84 0008) Stomatológia. Tvrdosť trecej plochy zubných kefiek 
260 |a Bratislava  |b Slovenský ústav technickej normalizácie  |c 1999 
300 |a 12 s.  |b obr. ,tab.  |c 30 cm 
650 0 7 |a stomatológia  |2 SNKPH  |9 917 
650 0 7 |a Stomatology  |2 SNKPHeng  |9 268166 
852 |a Štátna vedecká knižnica v Banskej Bystrici 
999 |c 1069106  |d 1071036 
952 |t P60, <03>, [BOOK], {603}  |a SNK  |b SNK  |y PREZ  |7 0  |p 17A0295064  |o snkSTN EN 28627  |i snkN 597/2001  |0 0  |1 0  |4 0  |d 2001-04-05  |l 0  |r 2005-01-02 00:00:00  |w 2026-02-24 
952 |t P60, <04>, [BOOK], {604}  |a SNK  |b SNK  |y VYP  |7 0  |p 17A0295065  |o snkSTN EN 28627 D1  |i snkN 598/2001  |0 0  |1 0  |4 0  |d 2001-04-05  |l 0  |r 2005-01-02 00:00:00  |w 2026-02-24